State of the environment : a view toward the nineties.

Bibliographic Details
Corporate Authors: Conservation Foundation, Charles Stewart Mott Foundation
Format: Book
Language:English
Published: Washington, D.C. : Conservation Foundation, [1987]
Subjects:

MARC

Tag First Indicator Second Indicator Subfields
LEADER 00000cam a2200000 a 4500
001 in00000010949
005 20151007051944.0
008 870519s1987 dcua b 00100 eng
010 |a  87015193  
020 |a 0891640983 (pbk.) 
035 |a (OCoLC)16090162 
035 |9 AAA5616AM 
040 |a DLC  |c DLC  |d TXA  |d UtOrBLW 
043 |a n-us--- 
049 |a TXAM  |c 1 [A11461703], 2 [A11183868] 
050 0 0 |a TD171  |b .S73 1987 
082 0 |a 363.7/00973  |2 19 
245 0 0 |a State of the environment :  |b a view toward the nineties. 
264 1 |a Washington, D.C. :  |b Conservation Foundation,  |c [1987] 
264 4 |c ©1987 
300 |a xlviii, 614 pages :  |b illustrations ;  |c 23 cm. 
336 |a text  |b txt  |2 rdacontent 
337 |a unmediated  |b n  |2 rdamedia 
338 |a volume  |b nc  |2 rdacarrier 
500 |a "A report from the Conservation Foundation sponsored by the Charles Stewart Mott Foundation." 
504 |a Includes bibliographies and index. 
650 0 |a Environmental protection  |z United States. 
650 0 |a Environmental policy  |z United States. 
710 2 |a Conservation Foundation. 
710 2 |a Charles Stewart Mott Foundation. 
999 |a MARS 
999 f f |s f29f4a7b-1b43-3642-ba7b-790e44cba44e  |i 57e9bb03-3c91-3ed5-9c0f-2ad995b932aa  |t 0 
952 f f |p normal  |a Texas A&M University  |b College Station  |c Sterling C. Evans Library  |d Evans: Library Stacks  |t 0  |e TD171 .S73 1987  |h Library of Congress classification  |i unmediated -- volume  |m A14811183868 
952 f f |p ric  |a Texas A&M University  |b Rellis Campus  |c Joint Library Facility  |d Remote Storage  |t 0  |e TD171 .S73 1987  |h Library of Congress classification  |i unmediated -- volume  |m A14811461703 
998 f f |a TD171 .S73 1987  |t 0  |l Remote Storage 
998 f f |a TD171 .S73 1987  |t 0  |l Evans: Library Stacks